000 004870000a22001930004500
999 _c47626
_d47626
001 381
003 CO-MdFUSB
005 20171115171100.0
008 171115b xxu||||| |||| 00| 0 eng d
020 _a0-943701-18X
040 _cCO-MdBIC
082 0 4 _a818HC C967k
100 1 _aHockett, Betty M
245 1 0 _aKeeping them all in stitches / Betty M. Hockett
260 _aNewberg : George Fox Press
300 _a76 P.
505 0 0 _aBiografia de : Geraldine Custer
942 _cLGB